000 00280nam a22001217a 4500
008 230606b xxu||||| |||| 00| 0 eng d
020 _a071600803
082 _a346.054
_bBES
100 _cKeith Best
245 _aWrite your own will
_bnew edition
300 _a160p
942 _2ddc
_cBK
999 _c502
_d502